[Event "60. BEM 2006"]
[Site "Dortmund"]
[Date "2006.03.14"]
[Round "5.23"]
[White "Clausen, Dirk"]
[Black "Sonntag, Joachim"]
[Result "0-1"]
[WhiteElo "1287"]
[BlackElo "1787"]
[PlyCount "105"]
[EventDate "2006.??.??"]
[Source "SG Dortmund"]
[SourceDate "2004.12.16"]

1. Nf3 c5 2. g3 Nc6 3. Bg2 g6 4. c3 Bg7 5. d3 Nf6 6. Nbd2 O-O 7. O-O d6 8. Qc2
Bg4 9. Rb1 Qd7 10. a3 Bh3 11. Nc4 Bxg2 12. Kxg2 Ng4 13. h3 Nge5 14. Ncxe5 Nxe5
15. Nxe5 Bxe5 16. Bh6 Rfe8 17. g4 d5 18. Rbd1 Rac8 19. f4 Bg7 20. Bxg7 Kxg7 21.
c4 d4 22. Rf3 e5 23. Rdf1 Qc6 24. fxe5 Rxe5 25. Kg1 Rc7 26. Qd2 Rce7 27. R1f2
Re3 28. Rxe3 Rxe3 29. Rh2 Qd6 30. b4 b6 31. bxc5 bxc5 32. Qa5 a6 33. Qe1 Rg3+
34. Rg2 Rxh3 35. Qf2 Qb8 36. Qf1 Rg3 37. g5 Rxg2+ 38. Qxg2 Qf4 39. Qd5 Qf5 40.
Qg2 h6 41. gxh6+ Kxh6 42. Qh2+ Qh5 43. Qd6 Kg7 44. Kf1 a5 45. a4 Qh1+ 46. Kf2
Qh4+ 47. Kf1 Qf6+ 48. Qxf6+ Kxf6 49. Kf2 Kf5 50. e3 dxe3+ 51. Kxe3 Ke5 52. d4+
cxd4+ 53. Kd3 0-1

[Event "60. BEM 2006"]
[Site "Dortmund"]
[Date "2006.03.14"]
[Round "5.24"]
[White "Schrimpl, Michael"]
[Black "Raskin, Vitali"]
[Result "0-1"]
[WhiteElo "1497"]
[BlackElo "1663"]
[PlyCount "110"]
[EventDate "2006.??.??"]
[Source "SG Dortmund"]
[SourceDate "2004.12.16"]

1. c4 e5 2. Nc3 Nf6 3. Nf3 d6 4. g3 Nbd7 5. Bg2 Be7 6. O-O O-O 7. d3 c6 8. Rb1
d5 9. cxd5 cxd5 10. Bd2 Rb8 11. a3 d4 12. Na2 a5 13. b4 axb4 14. axb4 b5 15.
Nc1 Bb7 16. Nb3 Nd5 17. Nc5 Nxc5 18. bxc5 Nc3 19. Bxc3 Bxf3 20. Bxf3 dxc3 21.
Qb3 b4 22. c6 Qc7 23. Ra1 Ra8 24. Ra2 Rxa2 25. Qxa2 Rb8 26. Bd5 Bd6 27. Ra1 g6
28. Qb3 Kg7 29. Kg2 Rb6 30. Ra2 Bc5 31. h3 Rxc6 32. Bxc6 Qxc6+ 33. e4 Qe6 34.
Qa4 b3 35. Re2 Qb6 36. Qa1 Bd4 37. Qb1 c2 38. Rxc2 bxc2 39. Qxc2 Qb2 40. Qxb2
Bxb2 41. f4 f6 42. Kf3 Kf7 43. g4 Bc1 44. f5 g5 45. Ke2 Ke7 46. Kd1 Bf4 47. Kc2
Kd6 48. Kb3 Kc5 49. Kc3 Be3 50. d4+ Bxd4+ 51. Kd3 Kb4 52. h4 h6 53. hxg5 hxg5
54. Kc2 Kc4 55. Kd2 Bc5 0-1

[Event "60. BEM 2006"]
[Site "Dortmund"]
[Date "2006.03.14"]
[Round "5.25"]
[White "Orlowski, Wilfried"]
[Black "Grawe, Herbert"]
[Result "1-0"]
[WhiteElo "1590"]
[BlackElo "1477"]
[PlyCount "79"]
[EventDate "2006.??.??"]
[Source "SG Dortmund"]
[SourceDate "2004.12.16"]

1. c4 Nc6 2. Nc3 e5 3. d3 a6 4. e4 Bc5 5. Rb1 d6 6. a3 Nf6 7. Be2 Nd4 8. h3 c6
9. b4 Ba7 10. Nf3 Nxe2 11. Qxe2 h6 12. O-O Be6 13. Be3 b6 14. Nh2 Nh7 15. f4
exf4 16. Rxf4 O-O 17. Rbf1 Ng5 18. Qh5 Qd7 19. Rh4 f6 20. Ng4 Nh7 21. Qg6 Bxg4
22. Rxg4 Ng5 23. Rf5 Qf7 24. Qxf7+ Rxf7 25. h4 g6 26. Rf1 f5 27. exf5 gxf5 28.
Rg3 f4 29. Rxf4 Rxf4 30. Bxf4 b5+ 31. Kh2 Rf8 32. Bxd6 Kh7 33. Bxf8 Bb8 34.
hxg5 hxg5 35. Kh3 Bxg3 36. Kxg3 Kg6 37. Kg4 Kf7 38. Bh6 Ke6 39. Bxg5 Ke5 40.
Be3 1-0

[Event "60. BEM 2006"]
[Site "Dortmund"]
[Date "2006.03.14"]
[Round "5.26"]
[White "Mueller, Siegfried"]
[Black "Sroka, Andreas"]
[Result "*"]
[WhiteElo "1555"]
[BlackElo "1342"]
[PlyCount "83"]
[EventDate "2006.??.??"]
[Source "SG Dortmund"]
[SourceDate "2004.12.16"]

1. d4 Nf6 2. Bf4 e6 3. e3 b6 4. c4 Bb7 5. Nc3 Be7 6. a3 O-O 7. b4 d6 8. f3 Nh5
9. Bg3 Nxg3 10. hxg3 Bf6 11. Qc2 g6 12. Bd3 Bg7 13. Kf2 f5 14. Nge2 e5 15. c5
e4 16. Bc4+ d5 17. Bb3 bxc5 18. bxc5 c6 19. Nf4 Qd7 20. Rh2 g5 21. Nfe2 Ba6 22.
Rah1 Bxe2 23. Nxe2 h6 24. Nc3 Kh8 25. Rh5 exf3 26. gxf3 g4 27. f4 Qe6 28. Qd3
Nd7 29. Bc2 Rab8 30. Rxf5 Rxf5 {#Weiss entfernte nun zunaechst den
gegnerischen Turm auf f5 und stellte dann seine Dame nach h7. Beide Spieler
unterzeichneten anschliessend unter dem Eindruck der irregulaer
herbeigefuehrten, mutmasslich einem "Blackout" entsprungenen Mattstellung
einen Sieg fuer Weiss auf ihren jeweiligen Notationsblaettern. - Die Partie
haette, im Falle dass weitergespielt worden waere, gemaess der sog.
Beruehrt-gefuehrt-Regel mit dem auch ansonsten selbstverstaendlichen} 31. Qxf5
{#fortgesetzt werden muessen. Weiter koennte folgen:} 31... Qxf5 (31... Nf8 32.
Na4 (32. Qxe6 Nxe6 33. Bf5 Nxd4 34. exd4 Bxd4+ 35. Ke2 Bxc3 36. Rxh6+ Kg7 37.
Rxc6 {mit guten Gewinnchancen fuer Weiss}) 32... Qxf5 33. Bxf5 Rb3 34. Ra1 h5
35. Bc2 Rb7 36. Rh1 {und Weiss sollte auf Dauer gewinnen.}) 32. Bxf5 Rb2+ 33.
Ne2 Nf6 34. Rb1 Rxb1 35. Bxb1 {#und Schwarz kann sich trotz der
ungleichfarbigen Laeufer nicht retten, weil die Punkte c6/d5 u-n-d g4/h5
schwach und angreifbar sind, z.B.} 35... Kg8 (35... h5 36. Nc1 $18) 36. Bc2 Kf7
37. Ba4 Ne4+ 38. Kg2 Ke6 39. Bxc6 Bf8 40. f5+ Kxf5 {#} 41. Bd7+ ({oder} 41.
Bxd5) 41... Kg5 42. Nf4 {usw. Weiss gewinnt bald (Schulenburg)} *

[Event "60. BEM 2006"]
[Site "Dortmund"]
[Date "2006.03.14"]
[Round "5.27"]
[White "Stiebel, Erhard"]
[Black "Bötzel, Sascha"]
[Result "1-0"]
[WhiteElo "1548"]
[BlackElo "1300"]
[PlyCount "69"]
[EventDate "2006.??.??"]
[Source "SG Dortmund"]
[SourceDate "2004.12.16"]

1. d4 Nf6 2. Nf3 g6 3. e3 Bg7 4. Be2 O-O 5. O-O d6 6. c4 c5 7. Nc3 Bf5 8. Nh4
Qd7 9. Nxf5 Qxf5 10. Bf3 Nc6 11. e4 Qd7 12. d5 Ne5 13. Be2 a6 14. f4 Neg4 15.
f5 Ne5 16. Bf4 Ne8 17. fxg6 fxg6 18. Bxe5 Rxf1+ 19. Kxf1 Bxe5 20. Bg4 Qc7 21.
Be6+ Kh8 22. g3 Nf6 23. Kg2 Bxc3 24. bxc3 Nxe4 25. Qf3 Ng5 26. Qe3 Nxe6 27.
Qxe6 Rf8 28. Re1 Re8 29. Qf7 Qd7 30. Re6 b5 31. h4 b4 32. h5 Qxe6 33. dxe6 Rg8
34. cxb4 cxb4 35. Qxe7 1-0

[Event "60. BEM 2006"]
[Site "Dortmund"]
[Date "2006.03.14"]
[Round "5.28"]
[White "Pachura, Karl-Heinz"]
[Black "Rzoczek, Christoph"]
[Result "0-1"]
[WhiteElo "1309"]
[BlackElo "1577"]
[PlyCount "100"]
[EventDate "2006.??.??"]
[Source "SG Dortmund"]
[SourceDate "2004.12.16"]

1. e4 d5 2. exd5 Qxd5 3. Nc3 Qa5 4. d4 Bf5 5. Bd2 c6 6. Nf3 Nd7 7. a3 Ngf6 8.
Bd3 Bxd3 9. cxd3 e6 10. Qb3 Qb6 11. Qxb6 axb6 12. O-O Bd6 13. h3 O-O 14. Ne4
Bc7 15. Nxf6+ Nxf6 16. Bb4 Rfe8 17. g3 Nd5 18. Bd2 f6 19. b4 b5 20. Rfe1 Kf7
21. Kg2 Ra4 22. Ra2 Rea8 23. Rea1 Bd6 24. h4 Bxb4 25. Bxb4 Nxb4 26. Re2 Rxa3
27. Rxa3 Rxa3 28. Re3 Nd5 29. Re2 b4 30. Ne1 b3 31. Rb2 Nc3 32. Kf3 Na4 33. Rb1
Ke7 34. Ke3 Kd6 35. Kd2 Kd5 36. Ke3 Nc3 37. Rb2 Nd1+ 38. Kd2 Nxb2 39. Kc3 Na4+
40. Kb4 b2 41. Kxa3 b1=Q 42. Kxa4 Qxe1 43. f4 Qxg3 44. h5 Qxf4 45. h6 gxh6 46.
Ka5 h5 47. Kb6 h4 48. Ka7 h3 49. Kb6 h2 50. Ka7 h1=Q 0-1

[Event "60. BEM 2006"]
[Site "Dortmund"]
[Date "2006.03.14"]
[Round "5.29"]
[White "Zabel, Reinhard"]
[Black "Wengelnik, Erwin"]
[Result "1-0"]
[WhiteElo "1466"]
[BlackElo "1238"]
[PlyCount "143"]
[EventDate "2006.??.??"]
[Source "SG Dortmund"]
[SourceDate "2004.12.16"]

1. e4 e6 2. d4 d5 3. exd5 exd5 4. Nf3 Nf6 5. Bd3 h6 6. O-O Be7 7. Nc3 O-O 8.
Bf4 Bd6 9. Be5 Nbd7 10. Bxd6 cxd6 11. Qd2 a6 12. Rfe1 Nb6 13. b3 Be6 14. h3 Qc7
15. Ne2 Rfe8 16. Ng3 Rac8 17. Rac1 Bd7 18. Rxe8+ Rxe8 19. Re1 Be6 20. Nf5 Bxf5
21. Rxe8+ Nxe8 22. Bxf5 Nf6 23. Qe2 Qd8 24. Bd3 Qc7 25. Nh4 Qd8 26. Nf5 Kf8 27.
Qe3 Ng8 28. Qg3 Qf6 29. Qxd6+ Qxd6 30. Nxd6 Ne7 31. Nxb7 Nc6 32. c3 a5 33. Bb5
Na7 34. Bd3 Nc6 35. Kf1 Ke7 36. Ke2 Ke6 37. Ke3 Kf6 38. Nd6 Ke7 39. Nb5 Ke6 40.
c4 Kf6 41. c5 Na8 42. a3 Ke6 43. Be2 Ke7 44. Bg4 Kd8 45. Bf3 Ne7 46. g4 Nc7 47.
Nxc7 Kxc7 48. Kd3 Kc6 49. Bd1 Kb5 50. Ke3 Kc6 51. f4 f6 52. f5 Kb5 53. Be2+ Kc6
54. b4 axb4 55. axb4 Kc7 56. Ba6 Kb8 57. Bb5 Kc7 58. Be8 Kd8 59. Bf7 Kc7 60. b5
Kb7 61. Be6 Kc7 62. Kd3 Kb7 63. Kc3 Kc7 64. Kb4 Kb8 65. c6 Kc7 66. Kc5 Kb8 67.
b6 Ka8 68. Bxd5 Nxd5 69. Kxd5 Kb8 70. Kd6 Kc8 71. b7+ Kb8 72. Kd7 1-0

[Event "60. BEM 2006"]
[Site "Dortmund"]
[Date "2006.03.14"]
[Round "5.30"]
[White "Marienfeld, Udo"]
[Black "Schaefer, Ulrich"]
[Result "0-1"]
[WhiteElo "1220"]
[BlackElo "1412"]
[PlyCount "32"]
[EventDate "2006.??.??"]
[Source "SG Dortmund"]
[SourceDate "2004.12.16"]

1. e4 e5 2. Nf3 Nf6 3. d4 Nxe4 4. Bd3 d5 5. dxe5 Nc6 6. Bf4 Bg4 7. h3 Bxf3 8.
Qxf3 Nd4 9. Qe3 Bc5 10. Qc1 Ne6 11. Bxe4 dxe4 12. O-O Qh4 13. Bg3 Qxg3 14. Kh1
Qxe5 15. Nc3 O-O-O 16. Qe1 Bd6 0-1

[Event "60. BEM 2006"]
[Site "Dortmund"]
[Date "2006.03.14"]
[Round "5.32"]
[White "Krüger, Inge"]
[Black "Dedeck, Sylvia"]
[Result "1-0"]
[WhiteElo "1351"]
[BlackElo "984"]
[PlyCount "67"]
[EventDate "2006.??.??"]
[Source "SG Dortmund"]
[SourceDate "2004.12.16"]

1. d4 Nf6 2. c4 g6 3. Nc3 Bg7 4. Nf3 d6 5. e4 O-O 6. Be2 c6 7. O-O Be6 8. Bd2
Nbd7 9. Rc1 Nb6 10. d5 cxd5 11. cxd5 Bd7 12. b3 Rc8 13. Bd3 e5 14. Qe2 a6 15.
Bg5 h6 16. Bh4 Qe8 17. Qe3 Ng4 18. Qxb6 Rb8 19. Qxd6 f6 20. h3 Rd8 21. Qb6 Rb8
22. hxg4 Bxg4 23. Bc4 Kh7 24. Nh2 g5 25. Bg3 Bh5 26. f3 Bg6 27. Rfd1 f5 28. d6
Rf6 29. Qc5 f4 30. Bf2 Bf8 31. Ng4 Qd8 32. Nxf6+ Qxf6 33. Qd5 Bf7 34. Qxf7+ 1-0

[Event "60. BEM 2006"]
[Site "Dortmund"]
[Date "2006.03.14"]
[Round "5.34"]
[White "Hansen, Jochen"]
[Black "Wilms, Christoph"]
[Result "0-1"]
[WhiteElo "1232"]
[BlackElo "1526"]
[PlyCount "30"]
[EventDate "2006.??.??"]
[Source "SG Dortmund"]
[SourceDate "2004.12.16"]

1. e4 c5 2. Nf3 d6 3. d4 cxd4 4. Nxd4 Nf6 5. Nc3 a6 6. Bc4 e6 7. Be3 Be7 8. Qd2
Ng4 9. f3 Nxe3 10. Qxe3 O-O 11. f4 Nc6 12. O-O Qc7 13. Nf3 b5 14. Bd3 Bf6 15.
Ng5 Bd4 0-1

[Event "60. BEM 2006"]
[Site "Dortmund"]
[Date "2006.03.14"]
[Round "5.35"]
[White "Hast, Stefan"]
[Black "Müller, Michaela"]
[Result "1-0"]
[WhiteElo "1169"]
[BlackElo "1098"]
[PlyCount "67"]
[EventDate "2006.??.??"]
[Source "SG Dortmund"]
[SourceDate "2004.12.16"]

1. e4 e6 2. d4 d5 3. Nc3 Nf6 4. e5 Nfd7 5. Bd3 c5 6. Nf3 cxd4 7. Ne2 Bb4+ 8.
Bd2 Bxd2+ 9. Qxd2 Nc5 10. Qb4 b6 11. O-O O-O 12. Nfxd4 Nxd3 13. cxd3 Bb7 14.
Rac1 Nd7 15. Qd6 Rc8 16. Rxc8 Qxc8 17. Rc1 Qd8 18. Rc7 Nc5 19. Qxd8 Rxd8 20. b4
Nxd3 21. Rxb7 Nxb4 22. Rxa7 Rc8 23. f4 g6 24. Kf1 Rc4 25. Nb5 Rc5 26. Nd6 Ra5
27. Rxf7 Rxa2 28. Re7 Nd3 29. g3 Ra1+ 30. Kg2 Ne1+ 31. Kh3 Ra2 32. Nd4 Rd2 33.
Nxe6 Nf3 34. Re8# 1-0

[Event "60. BEM 2006"]
[Site "Dortmund"]
[Date "2006.03.16"]
[Round "6.1"]
[White "Tkachuk, Konstantyn"]
[Black "Begna, Bozidar"]
[Result "1/2-1/2"]
[WhiteElo "1927"]
[BlackElo "2002"]
[PlyCount "59"]
[EventDate "2006.??.??"]
[Source "SG Dortmund"]
[SourceDate "2004.12.16"]

1. e4 Nf6 2. e5 Nd5 3. d4 d6 4. c4 Nb6 5. exd6 cxd6 6. Nc3 g6 7. Be3 Bg7 8. Rc1
Nc6 9. b3 O-O 10. Be2 e5 11. dxe5 dxe5 12. Qxd8 Rxd8 13. c5 Nd5 14. Nxd5 Rxd5
15. Bc4 Rd8 16. Nf3 h6 17. O-O Bf5 18. Rfd1 Nb4 19. a3 Nc2 20. a4 Nb4 21. h3
Bd3 22. Rd2 Bxc4 23. Rxc4 a5 24. Kf1 Nc6 25. Ke2 Rxd2+ 26. Nxd2 f5 27. f3 Kf7
28. Rc1 Rd8 29. Nc4 Bf8 30. Rc2 {(=)} 1/2-1/2

[Event "60. BEM 2006"]
[Site "Dortmund"]
[Date "2006.03.16"]
[Round "6.2"]
[White "Eismont, Igor"]
[Black "Zeldin, Vitali"]
[Result "1-0"]
[WhiteElo "2239"]
[BlackElo "1886"]
[PlyCount "41"]
[EventDate "2006.??.??"]
[Source "SG Dortmund"]
[SourceDate "2004.12.16"]

1. d4 d5 2. c4 dxc4 3. Nf3 Nf6 4. Nc3 e6 5. e3 c5 6. Bxc4 Nc6 7. O-O Be7 8. a3
O-O 9. Qd3 a6 10. Rd1 b5 11. Ba2 c4 12. Qe2 Qc7 13. e4 h6 14. e5 Nd5 15. Bb1 f5
16. exf6 Bxf6 17. Qe4 Nce7 18. Qh7+ Kf7 19. Bxh6 Bb7 20. Bxg7 Bxg7 21. Qh5+ 1-0

[Event "60. BEM 2006"]
[Site "Dortmund"]
[Date "2006.03.16"]
[Round "6.3"]
[White "Zelt, Jens"]
[Black "Goldschmidt, Christian"]
[Result "0-1"]
[WhiteElo "2036"]
[BlackElo "2085"]
[PlyCount "92"]
[EventDate "2006.??.??"]
[Source "SG Dortmund"]
[SourceDate "2004.12.16"]

1. d4 g6 2. Nf3 Bg7 3. c4 d6 4. Nc3 Nd7 5. g3 Ngf6 6. Bg2 O-O 7. O-O c6 8. Qc2
Re8 9. e4 e5 10. dxe5 dxe5 11. Rd1 Qc7 12. h3 Bf8 13. a3 a5 14. b3 Nc5 15. Be3
a4 16. b4 Nb3 17. Ra2 Be6 18. Nxa4 Rxa4 19. Qxb3 b5 20. Nd2 Rea8 21. Rda1 c5
22. bxc5 bxc4 23. Qc3 Bxc5 24. Bxc5 Qxc5 25. Bf1 Qa5 26. Rc2 Qc5 27. Rca2 Qd6
28. Bxc4 Qc5 29. Qf3 Bxc4 30. Nxc4 Qxc4 31. Qxf6 Qxe4 32. Kh2 Qf5 33. Qd6 e4
34. Rb2 h5 35. h4 Qf3 36. Kg1 Kh7 37. Rb8 e3 38. fxe3 Qxe3+ 39. Kh2 Qf2+ 40.
Kh3 Qf5+ 41. Kh2 Qf2+ 42. Kh3 Rd4 43. Qe5 Rxb8 44. Qxb8 Qf5+ 45. Kg2 Rd2+ 46.
Kh1 Qh3+ 0-1

[Event "60. BEM 2006"]
[Site "Dortmund"]
[Date "2006.03.16"]
[Round "6.4"]
[White "Tkachuk, Sergiy"]
[Black "Zimmermann, Dirk"]
[Result "1-0"]
[WhiteElo "2068"]
[BlackElo "2006"]
[PlyCount "43"]
[EventDate "2006.??.??"]
[Source "SG Dortmund"]
[SourceDate "2004.12.16"]

1. e4 e5 2. Nf3 Nc6 3. Bc4 Nf6 4. d4 exd4 5. e5 d5 6. Bb5 Ne4 7. Nxd4 Bd7 8.
Bxc6 bxc6 9. O-O Be7 10. f3 Nc5 11. f4 g6 12. f5 gxf5 13. Qh5 Qc8 14. Nc3 Ne4
15. Nxe4 dxe4 16. Be3 Bc5 17. Nxf5 Bxe3+ 18. Nxe3 Be6 19. Rad1 Rf8 20. Qxh7 Bg4
21. Qxe4 Bxd1 22. Qxc6+ 1-0

[Event "60. BEM 2006"]
[Site "Dortmund"]
[Date "2006.03.16"]
[Round "6.5"]
[White "Grube, Jörg"]
[Black "Naundorf, Maik"]
[Result "0-1"]
[WhiteElo "1776"]
[BlackElo "2061"]
[PlyCount "54"]
[EventDate "2006.??.??"]
[Source "SG Dortmund"]
[SourceDate "2004.12.16"]

1. e4 c5 2. Nf3 g6 3. d4 cxd4 4. Nxd4 Nc6 5. Nc3 Bg7 6. Be3 Nf6 7. Bc4 O-O 8.
O-O Nxe4 9. Nxe4 d5 10. Nxc6 bxc6 11. Bd3 dxe4 12. Bxe4 Qa5 13. c3 Rb8 14. Qc2
c5 15. Rfd1 Be6 16. Bd5 Bf5 17. Be4 Be6 18. Bd5 Bf5 19. Be4 Bxe4 20. Qxe4 e6
21. Qc4 Rxb2 22. Qxc5 Qxc5 23. Bxc5 Ra8 24. Rd3 Rc2 25. Rad1 Bf6 26. a3 Rxc3
27. Kf1 Rxc5 0-1

[Event "60. BEM 2006"]
[Site "Dortmund"]
[Date "2006.03.16"]
[Round "6.6"]
[White "Ziperstein, Jakob"]
[Black "Borjini, Mohamed"]
[Result "0-1"]
[WhiteElo "1838"]
[BlackElo "1979"]
[PlyCount "72"]
[EventDate "2006.??.??"]
[Source "SG Dortmund"]
[SourceDate "2004.12.16"]

1. e4 c5 2. Nf3 e6 3. d4 cxd4 4. Nxd4 a6 5. Be2 Nf6 6. Nc3 Qc7 7. Bg5 Be7 8.
Qd2 d6 9. O-O Nbd7 10. Rad1 O-O 11. Kh1 b5 12. a3 Bb7 13. Qe3 Rfe8 14. f4 Rac8
15. Bf3 Nb6 16. Qc1 Nc4 17. Rd3 d5 18. exd5 Nxd5 19. Nxd5 Bxd5 20. Bxd5 exd5
21. Bxe7 Qxe7 22. Nf5 Qf6 23. Rxd5 g6 24. Nh6+ Kg7 25. f5 Ne3 26. Ng4 Nxg4 27.
fxg6 Qh4 28. h3 Nf2+ 29. Kh2 Re2 30. gxf7 Nxh3 31. f8=Q+ Rxf8 32. Rd7+ Kg8 33.
Rxf8+ Kxf8 34. Rd8+ Ke7 35. Rd7+ Kxd7 36. Qd1+ Kc7 0-1

[Event "60. BEM 2006"]
[Site "Dortmund"]
[Date "2006.03.16"]
[Round "6.7"]
[White "Mrozinski, Werner"]
[Black "Jähnicke, Karl-Heinz"]
[Result "1-0"]
[WhiteElo "1899"]
[BlackElo "1763"]
[PlyCount "51"]
[EventDate "2006.??.??"]
[Source "SG Dortmund"]
[SourceDate "2004.12.16"]

1. e4 c6 2. c4 e6 3. Nf3 d5 4. cxd5 cxd5 5. e5 Nc6 6. d4 Bb4+ 7. Nc3 h6 8. Bd3
Bd7 9. O-O Bxc3 10. bxc3 g5 11. Be3 Nge7 12. Rb1 b6 13. c4 Nf5 14. Bxf5 exf5
15. cxd5 Na5 16. Bd2 g4 17. Bxa5 gxf3 18. Bb4 fxg2 19. Re1 Bb5 20. e6 h5 21.
Qf3 Qf6 22. d6 Rb8 23. d7+ Kd8 24. e7+ Kc7 25. d8=Q+ Rhxd8 26. exd8=Q+ {Zue}
1-0

[Event "60. BEM 2006"]
[Site "Dortmund"]
[Date "2006.03.16"]
[Round "6.8"]
[White "Iwannek, Ralf"]
[Black "Barskij, Aleksandr"]
[Result "1/2-1/2"]
[WhiteElo "1808"]
[BlackElo "1891"]
[PlyCount "73"]
[EventDate "2006.??.??"]
[Source "SG Dortmund"]
[SourceDate "2004.12.16"]

1. e4 c5 2. Nf3 d6 3. d4 cxd4 4. Nxd4 Nf6 5. Nc3 Nc6 6. Be3 Ng4 7. Nd5 Nxe3 8.
Nxe3 e6 9. c3 Be7 10. Bb5 Bd7 11. Qa4 Qc7 12. O-O O-O 13. Rac1 a6 14. Nxc6 bxc6
15. Bd3 d5 16. Qc2 g6 17. Rce1 Bd6 18. Ng4 f5 19. e5 Be7 20. Ne3 c5 21. f4 c4
22. Be2 Bc5 23. Bd1 Qb6 24. Rf3 Rab8 25. b4 Bxe3+ 26. Rfxe3 d4 27. cxd4 Qxd4
28. Qc3 Qxc3 29. Rxc3 Rxb4 30. a3 Rb1 31. Rxc4 Bb5 32. Rd4 Rc8 33. Kf2 Rcc1 34.
a4 Bc6 35. g3 Rb2+ 36. Re2 Rxe2+ 37. Kxe2 1/2-1/2

[Event "60. BEM 2006"]
[Site "Dortmund"]
[Date "2006.03.16"]
[Round "6.9"]
[White "Büchle, Manfred"]
[Black "Hartung, Thomas"]
[Result "0-1"]
[WhiteElo "1908"]
[BlackElo "1866"]
[PlyCount "40"]
[EventDate "2006.??.??"]
[Source "SG Dortmund"]
[SourceDate "2004.12.16"]

1. e4 e5 2. Nf3 Nc6 3. Bb5 a6 4. Ba4 Nf6 5. O-O Be7 6. Re1 b5 7. Bb3 O-O 8. c3
d5 9. exd5 Nxd5 10. Nxe5 Nxe5 11. Rxe5 c6 12. d4 Bd6 13. Re1 Qh4 14. g3 Qh3 15.
Bxd5 cxd5 16. Qf3 Be6 17. Nd2 Rae8 18. Re3 f5 19. Rxe6 Rxe6 20. Qxd5 f4 0-1

[Event "60. BEM 2006"]
[Site "Dortmund"]
[Date "2006.03.16"]
[Round "6.10"]
[White "Hoppe, Dirk"]
[Black "Volmer, Martin"]
[Result "0-1"]
[WhiteElo "1861"]
[BlackElo "1704"]
[PlyCount "48"]
[EventDate "2006.??.??"]
[Source "SG Dortmund"]
[SourceDate "2004.12.16"]

1. e4 c5 2. Nc3 Nc6 3. g3 Nf6 4. Bg2 e6 5. Nge2 Be7 6. d3 d5 7. exd5 exd5 8.
O-O O-O 9. Bg5 d4 10. Bxf6 Bxf6 11. Nd5 Bg4 12. Re1 Ne5 13. Qd2 Bf3 14. Nxf6+
Qxf6 15. Qf4 Bxg2 16. Kxg2 Qc6+ 17. f3 Rfe8 18. Ng1 Ng6 19. Qg4 Qb5 20. b3 Qb4
21. Kf2 Qd2+ 22. Re2 Rxe2+ 23. Nxe2 Re8 24. f4 Qxc2 0-1

[Event "60. BEM 2006"]
[Site "Dortmund"]
[Date "2006.03.16"]
[Round "6.11"]
[White "Rölz, Marcus"]
[Black "Hardt, Helmut"]
[Result "1-0"]
[WhiteElo "1674"]
[BlackElo "1861"]
[PlyCount "61"]
[EventDate "2006.??.??"]
[Source "SG Dortmund"]
[SourceDate "2004.12.16"]

1. Nf3 Nf6 2. d4 d5 3. Bf4 Nbd7 4. e3 c5 5. c3 Qb6 6. Qc2 Ne4 7. Bd3 Ndf6 8.
Ne5 Nd7 9. Nd2 Nxe5 10. Bxe5 Nxd2 11. Qxd2 c4 12. Bc2 Bd7 13. O-O e6 14. e4 f6
15. Bg3 Kf7 16. Rfe1 Be7 17. Qe2 Rae8 18. exd5 exd5 19. Qh5+ g6 20. Qxd5+ Be6
21. Qf3 Rd8 22. Re2 Bd6 23. Bh4 Be7 24. Rae1 Rd6 25. d5 Rhd8 26. Rxe6 Rxe6 27.
Rxe6 Qxb2 28. Rxe7+ Kg8 29. Qe2 Qc1+ 30. Bd1 g5 31. Qe6+ 1-0

[Event "60. BEM 2006"]
[Site "Dortmund"]
[Date "2006.03.16"]
[Round "6.12"]
[White "Ewers, Christian"]
[Black "Gorzinski, Dariusz"]
[Result "1-0"]
[WhiteElo "1662"]
[BlackElo "1830"]
[PlyCount "58"]
[EventDate "2006.??.??"]
[Source "SG Dortmund"]
[SourceDate "2004.12.16"]

1. e4 g6 2. d4 Bg7 3. Be3 d6 4. Qd2 a6 5. c4 Nc6 6. Nc3 e5 7. d5 Nce7 8. Bd3 f5
9. f3 f4 10. Bf2 g5 11. g4 Ng6 12. O-O-O h5 13. gxh5 Rxh5 14. c5 Bd7 15. c6
bxc6 16. dxc6 Bxc6 17. Bc4 Nf6 18. Nd5 Nxd5 19. exd5 Bb7 20. Qc2 Ne7 21. h4
gxh4 22. Rxh4 Rxh4 23. Bxh4 Kf7 24. Nh3 Qh8 25. Ng5+ Ke8 26. Qa4+ c6 27. Ne6
Kd7 28. Bxe7 Kxe7 29. dxc6 Rc8 1-0

[Event "60. BEM 2006"]
[Site "Dortmund"]
[Date "2006.03.16"]
[Round "6.13"]
[White "Duschek, Günter"]
[Black "Gielisch, Eckhart"]
[Result "1/2-1/2"]
[WhiteElo "1674"]
[BlackElo "1807"]
[PlyCount "33"]
[EventDate "2006.??.??"]
[Source "SG Dortmund"]
[SourceDate "2004.12.16"]

1. d4 d5 2. Bf4 Nf6 3. Nf3 c6 4. Nbd2 e6 5. c3 Bd6 6. Bg3 O-O 7. Bh4 Re8 8. Ne5
Nbd7 9. Ndf3 Qc7 10. Bxf6 gxf6 11. Nxd7 Bxd7 12. Qd2 b5 13. a3 a5 14. e3 e5 15.
dxe5 fxe5 16. e4 dxe4 17. Qg5+ 1/2-1/2

[Event "60. BEM 2006"]
[Site "Dortmund"]
[Date "2006.03.16"]
[Round "6.14"]
[White "Grewe, Markus"]
[Black "Rutmann, Ulrich"]
[Result "1-0"]
[WhiteElo "1751"]
[BlackElo "1393"]
[PlyCount "67"]
[EventDate "2006.??.??"]
[Source "SG Dortmund"]
[SourceDate "2004.12.16"]

1. e4 d6 2. d4 g6 3. Bc4 Nf6 4. Nc3 Bg7 5. Bg5 O-O 6. Nf3 Bg4 7. O-O Nc6 8. Be3
a6 9. h3 Bxf3 10. Qxf3 Rb8 11. a4 Qd7 12. Rad1 Qc8 13. Qe2 e6 14. d5 exd5 15.
Bxd5 Nxd5 16. Nxd5 Re8 17. f3 Ne7 18. Nxe7+ Rxe7 19. c4 Re8 20. b3 Qe6 21. Rfe1
Qf6 22. Qd3 Qh4 23. Bf2 Qh5 24. f4 f5 25. Qd5+ Kf8 26. e5 dxe5 27. Bc5+ Re7 28.
Bxe7+ Kxe7 29. fxe5 Kf8 30. Qd7 Qh4 31. Qxc7 Re8 32. e6 Bd4+ 33. Kh1 Qf6 34.
Qd6+ 1-0

[Event "60. BEM 2006"]
[Site "Dortmund"]
[Date "2006.03.16"]
[Round "6.15"]
[White "Vojdani, Bahram"]
[Black "Kolodziej, Dennis"]
[Result "0-1"]
[WhiteElo "1657"]
[BlackElo "1727"]
[PlyCount "63"]
[EventDate "2006.??.??"]
[Source "SG Dortmund"]
[SourceDate "2004.12.16"]

1. e4 e5 2. Nf3 Nc6 3. Bc4 Nf6 4. d3 Be7 5. O-O d6 6. c3 Na5 7. Bb3 Nxb3 8.
axb3 h6 9. Be3 Be6 10. Qc2 g5 11. Nbd2 g4 12. Ne1 Nh5 13. Nc4 f5 14. exf5 Bxf5
15. Qd2 Bg5 16. Kh1 Qf6 17. Qe2 Bf4 18. g3 O-O 19. Ng2 Bg5 20. Bxg5 Qxg5 21.
Nge3 Bd7 22. Nd2 Bc6+ 23. Ne4 Nf6 24. Kg1 Bxe4 25. dxe4 Qg6 26. Nf5 Kh7 27. c4
b6 28. Nh4 Qh5 29. Qe3 Rf7 30. Rad1 Kg8 31. Rd2 Nh7 32. Re2 {
und Weiss ueberschritt die Zeit} 0-1

[Event "60. BEM 2006"]
[Site "Dortmund"]
[Date "2006.03.16"]
[Round "6.17"]
[White "Schultz, Bernfried"]
[Black "Benke, Werner"]
[Result "1-0"]
[WhiteElo "1716"]
[BlackElo "1552"]
[PlyCount "89"]
[EventDate "2006.??.??"]
[Source "SG Dortmund"]
[SourceDate "2004.12.16"]

1. e4 c5 2. Nf3 d6 3. d4 cxd4 4. Nxd4 Nf6 5. Nc3 Nc6 6. Be3 e6 7. f3 Be7 8. Qd2
a6 9. g4 Nxd4 10. Bxd4 b5 11. a3 h6 12. h4 Bb7 13. O-O-O Qc7 14. Rg1 d5 15. g5
hxg5 16. hxg5 Rh2 17. Qe3 Nh5 18. e5 g6 19. f4 Ng7 20. Bd3 Kd7 21. Bb6 Qc6 22.
Rh1 Rah8 23. Rxh2 Rxh2 24. Qg1 Rh8 25. Kb1 Kc8 26. Ba7 Bxa3 27. Nxb5 axb5 28.
bxa3 Kc7 29. Ka2 b4 30. Rb1 bxa3 31. Rb3 Ra8 32. Bc5 Ba6 33. Rb6 Qa4 34. Qb1
Ne8 35. Bxa6 Rxa6 36. Rb4 Qc6 37. Rb5 Kd7 38. Rb7+ Kc8 39. Rb8+ Kd7 40. Rb7+
Kc8 41. Rb5 Nc7 42. Rb8+ Kd7 43. Qb4 Ra4 44. Qb6 Rxf4 45. Rd8+ 1-0